General Knowledge No.1 - Statistics

General Stats
  • This quiz has been taken 10 times
  • The average score is 3 of 9
Answer Stats
Hint Answer % Correct
Who sailed the Santa Maria, Niña and Pinta Christopher Columbus
90%
How many days are in each month of the Aztec solar calendar (Xuhpohualli) 20
50%
Who singed the Magna Carta in 1215 King John
40%
Name of the flying ring-wraiths in Lord of the Rings Nazgûl
40%
Legend of Zelda game with a Star Fox Arwing in it's game files Ocarina of Time
30%
Atomic number of Tungsten 74
20%
What is the name for the fastest slope for something to roll down that are not one on top of another brachistochrone
0%
Who is generaly considered as the first artist to upload on Spotify Jose Gonzalez
0%
What word, derived from latin, means "the day before yesterday" nudiustertian
0%
No matching quizzes found
Score Distribution
Percent of People with Each Score
Percentile by Number Answered
Your Score History
You have not taken this quiz